Datum a čas kvízu
13.5
Celkem bodů
Celkový počet nahraných bodů na tomto kvízu bez doplňovacích otázek.
6.
Pořadí na kvízu
Konečné umístění týmu na tomto kvízu.
Zaznamenané odpovědi
| # | Otázka | Odpověď | Body | Výsledky |
|---|---|---|---|---|
| 1. | V médiích se minulý týden hojn... | 0 | ||
| 2. | Italské letovisko, které je ob... | 0 | ||
| 3. | Rakouská společnost Koch Media... | 0 | ||
| 4. | Společnost Coca-Cola přichází... | 0 | ||
| 5. | V průběhu loňského mistrovství... | 0 | ||
| 6. | Dlouhé názvy filmů byly v módě... | 0 | ||
| 5. | Volné pokračování úspěšné sati... | 0 | ||
| 5. | V roce 1974 natočil režisér Cl... | 0 | ||
| 5. | Rodinná komedie, kde se objevi... | 0 | ||
| 5. | Kultovní režisér Woody Allen v... | 0 |